LEADER 02476nam 2200589Ia 450 001 9910455566703321 005 20200520144314.0 010 $a1-283-90430-6 010 $a1-4175-0101-4 010 $a1-84642-416-X 035 $a(CKB)111087028266946 035 $a(EBL)290833 035 $a(OCoLC)567905666 035 $a(SSID)ssj0000116949 035 $a(PQKBManifestationID)11117198 035 $a(PQKBTitleCode)TC0000116949 035 $a(PQKBWorkID)10034915 035 $a(PQKB)10807109 035 $a(MiAaPQ)EBC290833 035 $a(Au-PeEL)EBL290833 035 $a(CaPaEBR)ebr10064478 035 $a(CaONFJC)MIL421680 035 $a(EXLCZ)99111087028266946 100 $a20040329d2003 uy 0 101 0 $aeng 135 $aur|n|---||||| 181 $ctxt 182 $cc 183 $acr 200 10$aCalling the shots$b[electronic resource] $echildhood vaccination - one family's journey /$fMary Alexander 210 $aLondon $cJessica Kingsley$d2003 215 $a1 online resource (172 p.) 300 $aIncludes index. 311 $a1-84310-133-5 327 $aCalling the Shots: Childhood Vaccination One Family's Journey; Contents; Glossary of Terms; Introduction; 1. The Question Mark over Vaccination; 2. Florence I: A Rude Awakening; 3. The History of Vaccination; 4. Florence II: The Damage Done; 5. Do We Really Need All These Vaccinations?; 6. Florence III: Strains, Planes and Ambulance Rides; 7. Andrew Wakefield and the MMR; 8. Florence IV: Recovery Position; 9. Social Responsibility: The Pressure to Vaccinate; 10. Taking Back Responsibility for My Children's Health 330 $aMixing personal experience with factual research, Alexander examines vaccination and highlights some of the questions she believes should be at the forefront of parents' minds. This book aims to provide parents with the knowledge and curiosity needed to make an informed, confident decision about vaccination. 606 $aVaccination of children 606 $aVaccination$xComplications 606 $aVaccination$xHistory 608 $aElectronic books. 615 0$aVaccination of children. 615 0$aVaccination$xComplications. 615 0$aVaccination$xHistory. 676 $a614.47082 700 $aAlexander$b Mary$0617263 801 0$bMiAaPQ 801 1$bMiAaPQ 801 2$bMiAaPQ 906 $aBOOK 912 $a9910455566703321 996 $aCalling the shots$92057076 997 $aUNINA LEADER 01886nam 2200493I 450 001 9910705481103321 005 20150819163204.0 035 $a(CKB)5470000002450573 035 $a(OCoLC)918948998 035 $a(EXLCZ)995470000002450573 100 $a20150819j201303 ua 0 101 0 $aeng 135 $aurcn||||||||| 181 $ctxt$2rdacontent 182 $cc$2rdamedia 183 $acr$2rdacarrier 200 10$aGlobal surface ocean carbon estimates in a model forced by MERRA /$fWatson W. Gregg, Nancy W. Casey, Ce?cile S. Rousseaux 210 1$aGreenbelt, Maryland :$cNational Aeronautics and Space Administration, Goddard Space Flight Center,$dMarch 2013. 215 $a1 online resource (30 pages) $ccolor illustrations, maps 225 1 $aNASA/TM ;$v2013-104606.$aTechnical report series on global modeling and data assimilation ;$vvolume 31 300 $aTitle from title screen (viewed Aug. 19, 2015). 300 $a"March 2013." 320 $aIncludes bibliographical references (pages 13-17). 517 3 $aGlobal surface ocean carbon estimates in a model forced by modern-era retrospective analysis for research and applications 606 $aBiogeochemistry$2nasat 606 $aIn situ measurement$2nasat 606 $aOcean models$2nasat 606 $aOceanography$2nasat 606 $aAir water interactions$2nasat 615 7$aBiogeochemistry. 615 7$aIn situ measurement. 615 7$aOcean models. 615 7$aOceanography. 615 7$aAir water interactions. 700 $aGregg$b Watson W.$01399590 702 $aCasey$b Nancy W. 702 $aRousseaux$b Ce?cile S. 712 02$aGoddard Space Flight Center, 801 0$bGPO 801 1$bGPO 906 $aBOOK 912 $a9910705481103321 996 $aGlobal surface ocean carbon estimates in a model forced by MERRA$93516748 997 $aUNINA